[Event "Sofia MTel Masters 4th"]
[Site "Sofia"]
[Date "2008.05.09"]
[Round "2"]
[White "Topalov, Veselin"]
[Black "Ivanchuk, Vassily"]
[Result "0-1"]
[WhiteElo "2767"]
[BlackElo "2740"]
[Annotator "Postny,E"]
[PlyCount "86"]
[EventDate "2008.05.08"]
[EventType "tourn"]
[EventRounds "10"]
[EventCountry "BUL"]
[EventCategory "20"]
[SourceTitle "CBM 124"]
[Source "ChessBase"]
[SourceDate "2008.05.28"]
[SourceVersion "1"]
[SourceVersionDate "2008.05.28"]
[SourceQuality "1"]

1. e4 e6 2. d4 d5 3. Nc3 Nf6 4. e5 Nfd7 5. f4 c5 6. Nf3 Nc6 7. Be3 a6 8. a3 {
This is a rare move. Usually White plays 8.Qd2 b5 and here 9.a3. To my mind,
Topalov's choice won't find many followers. After the move in text Black might
save a tempo by refraining from ...b7-b5, at least for a while. It is
interesting that on the next day Topalov employed the same line as Black,
against his second Ivan Cheparinov.} ({Cheparinov didn't follow the main line
either:} 8. Ne2 Be7 9. c3 O-O 10. g3 cxd4 11. Nexd4 Nc5 12. Bg2 Bd7 13. O-O Rc8
$11 {0-1 Cheparinov,I (2696)-Topalov,V (2767)/Sofia BUL 2008/The Week in Chess
705 (38)}) 8... cxd4 9. Nxd4 Bc5 10. Be2 {Topalov is trying to steal a tempo,
in case that Black will go for a standard overall exchange on d4 followed by
Qd8-b6.} (10. Qd2 Bxd4 11. Bxd4 Nxd4 12. Qxd4 Qb6 13. Qxb6 Nxb6 {In this
endgame White has a slight edge but, usually Black keeps the balance without
many difficulties.} 14. Bd3 Bd7 15. Ne2 f6 16. Kd2 fxe5 17. fxe5 Ke7 18. Rhf1
Raf8 {+/=/= 1/2-1/2 Psakhis,L (2560)-Drasko,M (2510)/Moscow 1988/CBM 009 (28)})
(10. g3 Qb6 11. Na4 Qa5+ 12. Nc3 Qb6 13. Na4 Qa5+ 14. Nc3 Qc7 15. Nce2 O-O 16.
Bg2 Nxd4 17. Nxd4 Nb6 18. b3 f6 $1 19. exf6 e5 $1 20. fxe5 Qxe5 21. Qd2 Rxf6
$36 {0-1 Lalic,B (2548)-Kortschnoj,V (2659)/Calcutta 2000/CBM 074 ext (47)})
10... O-O {Of course, Black is not forced to go for the exchange on d4 so
quickly.} 11. Qd2 Qc7 ({Now the exchange} 11... Nxd4 12. Bxd4 Bxd4 13. Qxd4 Qb6
{is a bit worse for Black, since in the forthcoming endgame the king is on an
inferior g8 location, compared to an ideal e7 square.}) 12. Bf3 $6 {Topalov
vacates the e2 square for the knight but, loses control over the f1-a6
diagonal which will be exploited by Ivanchuk a few moves later. It would have
been more natural and preferable to complete his development.} (12. O-O b5 (
12... Nxd4 13. Bxd4 Qb6 14. Rfd1 {+/=/=} Qxb2 $4 15. Rdb1 $18) 13. Rad1 {
White's position is very solid in this case.} ({Worthy of consideration was} 
13. Rf3 $5 Bb7 14. Rg3 {trying to harass the black monarch.})) 12... Nxd4 13.
Bxd4 Nb6 14. Ne2 Bxd4 (14... Nc4 $6 {is a punch in the air.} 15. Qc3) 15. Qxd4
Bd7 16. b3 {If it were White's turn, after QQd4-d2 followed by Ne2-d4 White's
position would be very good. However, Black is just in time to prevent this
regrouping.} ({The immediate} 16. Qd2 $6 Rac8 17. Nd4 $2 {would fall into} Nc4
18. Qc3 Nxe5 $1 19. Qxc7 Nxf3+ 20. Nxf3 Rxc7 {and Black is a healthy pawn up.})
16... Bb5 $1 (16... f6 $6 {is too risky.} 17. exf6 gxf6 18. O-O e5 19. fxe5
fxe5 20. Qd2 $14 {Black's monarch is vulnerable and his pawn centre is not so
tough.} (20. Bxd5+ $4 Kg7 21. Qd2 Qc5+ $19)) 17. Nc3 $2 {After this move Black
seizes the intiative.} ({By} 17. Qc3 Qxc3+ 18. Nxc3 Rfc8 19. Kd2 Rc5 20. Nxb5
axb5 21. c3 Rac8 22. Rhc1 $11 {Topalov could get a much better version of the
endgame that arose later in the game.}) 17... Rfc8 18. Nxb5 axb5 19. Be2 Nd7
20. Ra2 {If White has to make such an awkward move, this means that something
went definitely wrong.} (20. Bd3 Nc5 $17) 20... Nb8 $1 {Transfering the knight
to better pastures.} 21. O-O Nc6 22. Qd2 Qb6+ {Before proposing the exchange
of queens, it is useful to drive away the white king far from the centre.} 23.
Kh1 Qa5 {White is nearly forced to exchange queens under unfavourable
circumstances.} 24. Qxa5 Rxa5 25. Raa1 Rca8 ({Probably stronger would have been
} 25... Nd4 26. Bd3 Rca8 $17 {The knight on d4 also prevents the counterplay
f4-f5 that occurred later in the game.}) 26. Rad1 Rxa3 27. Bxb5 Nb4 28. c4 {
Practically forced.} R8a5 $2 {Wasting time and weakening the back rank. It
should be noted that Ivanchuk was in a severe time-scramble.} (28... Rxb3 29.
cxd5 Nxd5 30. Bc4 Rb4 31. Bxd5 exd5 32. Rxd5 Rxf4 $1 33. Kg1 {White should
hold this endgame.}) (28... g6 $5 $15) 29. f5 exf5 30. g4 $1 {Well played.
This move was definitely unpleasant for Ivanchuk, especially in time-trouble.}
Rxb3 (30... fxg4 31. Bd7 $1 dxc4 32. e6 Re5 33. exf7+ Kf8 34. Bxg4 Ra8 35. bxc4
{and White survives.}) 31. gxf5 Re3 $2 (31... Rb2 32. e6 Raa2 33. Rfe1 Rxh2+
34. Kg1 Rag2+ 35. Kf1 {and Black has no more than a perpetual check.}) 32. Rb1
Nd3 33. e6 $2 {Missing the chance.} (33. Ra1 $1 Rxa1 34. Rxa1 g5 35. cxd5 Nxe5
36. d6 {and Black can't stop the d-pawn and has to give up a knight.}) 33... d4
{According to the evidence, Ivanchuk had about only 7 seconds for 7 remaining
moves until the move 40 (no increment!). So, at this point his prior task was
to be able not to lose on time...} 34. Be8 $2 (34. Bc6 $1 Nc5 35. Bxb7 fxe6 36.
fxe6 Nxb7 37. Rxb7 h6 38. e7 Rae5 $11) 34... Nc5 {Finally, the knight has
arrived at a perfect outpost.} 35. Bxf7+ Kf8 36. f6 gxf6 37. Rxf6 Ke7 {Now
Black has perfect harmony between all his pieces.} 38. Rh6 d3 39. Rxh7 d2 40.
Rg1 Re1 41. Bh5+ Kxe6 {With some ups and downs, Ivanchuk gloriously survived
the incredible time-scramble. Topalov can resign now, the d-pawn decides the
outcome.} 42. Rhg7 Ne4 43. R7g6+ Ke5 {A dramatic finish of a very important
encounter!} 0-1

[Event "Saint Louis Blitz 2018"]
[Site "Saint Louis USA"]
[Date "2018.08.14"]
[Round "8.5"]
[White "Grischuk, A."]
[Black "Dominguez Perez, L."]
[Result "1-0"]
[WhiteElo "2766"]
[BlackElo "2739"]
[PlyCount "85"]
[EventDate "2018.08.14"]
[EventType "tourn (blitz)"]
[EventRounds "9"]
[EventCountry "USA"]
[EventCategory "22"]
[SourceTitle "The Week in Chess 1241"]
[Source "Mark Crowther"]
[SourceDate "2018.08.20"]
[SourceVersion "1"]
[SourceVersionDate "2018.08.20"]
[SourceQuality "2"]

1. e4 e5 2. Nf3 Nc6 3. d4 exd4 4. Bc4 Bc5 5. Ng5 Nh6 6. Nxf7 Nxf7 7. Bxf7+ Kxf7
8. Qh5+ g6 9. Qxc5 d5 10. O-O dxe4 11. c3 Qd6 12. cxd4 Nxd4 13. Qxd6 cxd6 14.
Nc3 Bg4 15. Nxe4 Nc2 16. f3 Nxa1 17. fxg4+ Ke6 18. Ng5+ Kd7 19. Rf7+ Kc6 20.
Nxh7 Rae8 21. Bd2 Re2 22. Bc3 Rhe8 23. Nf8 g5 24. Nh7 Nc2 25. Rf2 d5 26. Nxg5
d4 27. Bd2 d3 28. Nf3 Rxf2 29. Kxf2 Re2+ 30. Kg3 Kd5 31. g5 Ke6 32. h4 Kf5 33.
h5 Re4 34. g6 Nd4 35. Nxd4+ Rxd4 36. Kf3 Rg4 37. g3 b5 38. Bf4 a5 39. Ke3 b4
40. Kxd3 a4 41. Kc4 a3 42. bxa3 bxa3 43. Kb3 1-0

[Event "Saint Louis Blitz 2018"]
[Site "Saint Louis USA"]
[Date "2018.08.14"]
[Round "3.3"]
[White "Grischuk, A."]
[Black "Karjakin, Sergey"]
[Result "1/2-1/2"]
[WhiteElo "2766"]
[BlackElo "2773"]
[PlyCount "138"]
[EventDate "2018.08.14"]
[EventType "tourn (blitz)"]
[EventRounds "9"]
[EventCountry "USA"]
[EventCategory "22"]
[SourceTitle "The Week in Chess 1241"]
[Source "Mark Crowther"]
[SourceDate "2018.08.20"]
[SourceVersion "1"]
[SourceVersionDate "2018.08.20"]
[SourceQuality "2"]

1. e4 e5 2. Nf3 Nc6 3. d4 exd4 4. Bc4 Bc5 5. Ng5 Nh6 6. Nxf7 Nxf7 7. Bxf7+ Kxf7
8. Qh5+ g6 9. Qxc5 d5 10. O-O dxe4 11. c3 Be6 12. Bf4 Qd5 13. cxd4 Qxd4 14. Qc1
Bc4 15. Re1 Bd3 16. Nc3 Rhe8 17. Bxc7 Rac8 18. Bg3 Kg8 19. Qg5 Rf8 20. Rad1 Rf5
21. Qg4 Re8 22. Kh1 Re6 23. f3 Ne5 24. Bxe5 Rfxe5 25. Nxe4 Kg7 26. b3 Qb4 27.
h3 Bxe4 28. Rxe4 Rxe4 29. fxe4 Rxe4 30. Qg3 Qe7 31. Kh2 Kh6 32. Rd5 a6 33. Qd3
Qc7+ 34. Qg3 Qxg3+ 35. Kxg3 Re2 36. Rd7 b5 37. a4 Re3+ 38. Kf4 Rxb3 39. axb5
Rb4+ 40. Kf3 axb5 41. Rb7 Rb1 42. Kf4 g5+ 43. Kg4 b4 44. Rb6+ Kg7 45. Kxg5 Rc1
46. Rb7+ Kg8 47. Rxb4 Rc5+ 48. Kf6 Rc6+ 49. Ke5 Rc5+ 50. Kd6 Rc2 51. Rg4+ Kf7
52. Ke5 Rc5+ 53. Kd4 Ra5 54. Ke3 Ra3+ 55. Kf4 Ra5 56. Rg5 Ra3 57. Rg3 Ra5 58.
Rf3 Kg6 59. Rb3 Ra4+ 60. Kf3 Rc4 61. g4 Ra4 62. Kg3 h6 63. Kh4 Ra5 64. Rb6+ Kg7
65. Rc6 Rb5 66. Rc3 Ra5 67. Kg3 h5 68. Rc7+ Kg6 69. Rc6+ Kg7 1/2-1/2

[Event "Foros Aerosvit 3rd"]
[Site "Foros"]
[Date "2008.06.12"]
[Round "5"]
[White "Carlsen, Magnus"]
[Black "Shirov, Alexei"]
[Result "1-0"]
[WhiteElo "2765"]
[BlackElo "2740"]
[Annotator "Krasenkow,M"]
[PlyCount "126"]
[EventDate "2008.06.08"]
[EventType "tourn"]
[EventRounds "11"]
[EventCountry "UKR"]
[EventCategory "19"]
[SourceTitle "CBM 125"]
[Source "ChessBase"]
[SourceDate "2008.07.30"]
[SourceVersion "1"]
[SourceVersionDate "2008.07.30"]
[SourceQuality "1"]

1. d4 d5 2. c4 c6 3. Nf3 Nf6 4. Nc3 e6 5. Bg5 h6 6. Bxf6 Qxf6 7. e3 Nd7 8. Rc1
Bd6 9. Bd3 dxc4 10. Bxc4 Qe7 11. O-O O-O 12. Ne4 Bc7 13. Bb3 {A quiet
prophylactical move leading to a slight plus for White, due to his space
advantage.} Rd8 (13... e5 14. d5 cxd5 15. Qxd5 Bb8 (15... Nb6 $2 16. Qc5 $1)
16. Rfd1 Nf6 17. Nxf6+ Qxf6 18. Nd2 a5 19. Ne4 Qg6 20. Nc5 Ra7 21. Nd7 Bxd7 22.
Qxd7 b6 23. Qb5 $16 {1-0 Cebalo,M-Mazuran,M/Pula 1993/EXT 1999 (35)}) 14. Qc2 (
14. Qe2 $5 Rb8 (14... Nf8 15. Ne5 Rb8 (15... Bd7 16. f4 Be8 17. Nc5 $14) 16. f4
f6 17. Nd3 Kh8 18. Ndc5 a5 19. a3 Ra8 20. Qc2 b6 21. Nd3 Bd7 22. Qc4 (22. Ba4
$1 $14) 22... Rac8 23. Ba2 Be8 24. b4 Bg6 25. Nef2 Bd6 26. Rfd1 axb4 27. axb4
Ra8 $132 {1-0 Cebalo,M-Kuczynski,R/Polanica Zdroj 1992/CBM 031 (50)}) (14... a5
15. a3 Nf6 16. Nxf6+ Qxf6 17. Rfd1 Bd7 18. Rc5 Be8 19. Qc2 $1 Qe7 20. Ba2 Bd6
21. Rc3 Rac8 22. h4 g6 23. e4 $14 {1/2-1/2 Bareev,E-Anand,V/Linares 1992/CBM
028/[Dautov] (46)}) 15. h3 Kh8 16. Rfd1 Nf8 17. Ne5 Bd7 18. f4 Be8 19. a3 a5
20. Qc4 f6 21. Nd3 Bf7 22. Nec5 Kg8 23. Rf1 Bd6 24. Qc3 Ra8 25. Rce1 Kh8 26.
Rf3 Bg6 27. Rg3 $14 {0-1 Ribli,Z-Kuczynski,R/Tilburg 1992/CBM 032 (29)}) 14...
a5 $146 {Other moves seen in practice:} (14... Nf8 15. Rfd1 (15. Ne5 f6 16. Nf3
Bd7 17. Nc5 Bc8 {1/2-1/2 Sandstrom,L-Beikert,G/Baden-Baden 1993/TD (17)}) 15...
Rb8 16. a3 (16. Ne5 Bd7 17. a3 Be8 18. Ba2 f6 19. Nd3 Bg6 20. Nec5 Kh8 21. Qc4
Bh7 22. b4 Rd5 23. g3 Qf7 24. Qc2 Rh5 25. Qe2 $14 {1-0 Kumaran,D-Berezin,O/
Halle 1995/CBM 048 ext (35)}) 16... Bd7 17. Nc5 Be8 18. Qe4 (18. Ba2 Kh8 19.
Nd3 b6 20. b4 Rdc8 21. Rd2 Ra8 22. Qb2 a5 23. Rdc2 axb4 24. axb4 f6 25. Rc3 Ra7
26. Ra3 Rxa3 27. Qxa3 Bg6 28. Nfe1 Bd6 $132 {1/2-1/2 Cramling,P-Galliamova,A/
Groningen 1997/CBM 062 ext (41)}) 18... Nh7 (18... Bd6 19. Ne5 Kh8 20. Ned3 $14
{1/2-1/2 Schmidt,W-Kuczynski,R/Cetniewo 1991/CBM 022 ext}) 19. Nd3 (19. Ne5 $5)
19... Ng5 20. Nxg5 Qxg5 21. f4 Qf6 22. Qf3 Kh8 23. Rc3 Rbc8 24. Ba2 Qe7 25. Bb3
Ba5 26. Rc2 Bc7 27. Qe4 Qf6 28. Ne5 Qe7 29. Nd3 Qf6 30. Ba4 (30. Nc5 $142 $14)
30... Qf5 31. Qxf5 (31. Qf3 Qd5) 31... exf5 32. Nc5 Rb8 33. Kf2 Bd6 34. Rdc1 g6
35. b4 Rdc8 36. Bb3 Rc7 37. Bc4 Re7 38. a4 Kg8 {1/2-1/2 Petrosian,T-Dorfman,J/
Moscow 1976/URS-ch (44)}) (14... Rb8 15. a3 Nf8 16. Ne5 Bd7 17. Nc5 Be8 18. Ba2
(18. f4 $5) (18. Qe4 $5) 18... b6 (18... Kh8 19. Qe4 f6 20. Qh4 Bd6 21. Nf3 b6
22. Ne4 c5 23. Nxd6 Qxd6 24. Rfd1 Rbc8 25. Bb3 cxd4 26. Rxc8 Rxc8 27. Nxd4 $14
{1-0 Zarubin,O-Filipenko,A/Severodonetsk 1982/EXT 1999 (48)}) 19. Ncd3 c5 $1
20. dxc5 Bxe5 21. Nxe5 Qxc5 22. Qxc5 bxc5 23. Nc4 {1/2-1/2 Bareev,E-Dreev,A/
Elista 1998/CBM 065}) (14... Nf6 15. Rfd1 (15. Nc5 b6 16. Nd3 Bb7 17. Rfd1 Rac8
18. Qe2 Bb8 19. Rc2 Ne4 20. Rdc1 Bd6 21. a3 c5 22. dxc5 Nxc5 23. Nxc5 Bxc5 24.
Bc4 {1/2-1/2 Haap,J-Remmler,H/Schwaebisch Gmuend 2001/CBM 080 ext}) (15. Nxf6+
$5 Qxf6 16. Rfd1 Bd7 17. Qe4 Re8 18. Ne5 Rad8 19. f4 Bd6 20. Rd2 Bc8 21. g4 g6
22. Rf1 Re7 23. h4 Qg7 24. h5 $36 {1-0 Van Seben,E-Budra,Z/IECG 2001/
R1-2001-0-00006 (39)}) 15... Bd7 16. Nc5 Rab8 17. a3 Be8 18. Ba2 e5 19. Bb1
exd4 20. exd4 g6 21. Re1 Qf8 22. Ba2 Kh7 23. Qd2 Bd6 24. Nd3 Rbc8 25. Nfe5 Bb8
26. Qf4 Qg7 27. Qe3 Nd5 28. Qh3 Rc7 29. Nc5 Re7 30. Qh4 $36 {1-0 Alekseev,
E-Burmakin,V/Sochi 2005/CBM 107 (44)}) 15. a3 Rb8 {This move (you have already
seen it in some games above) is also prophylactical. The idea is that after ...
Nd7-f8(f6) and ...Bc8-d7 Ne4-c5 doesn't attack the b7 pawn. The drawback is
that after the insertion of ...a7-a5 a2-a3 the a5 pawn can be hanging at some
point.} 16. Rfd1 Nf8 17. Ne5 Bd7 18. Nxd7 $6 {A paradoxical decision, which
no-one but Magnus can explain. White exchanges his powerful knight for Black's
passive bishop. He takes into account that the bishop can be activated by
means of ...Bd7-e8, ...f7-f6 and ...Be8-g6; however, that would weaken Black's
pawn structure.} Nxd7 19. g3 Nf6 20. Qc5 Qxc5 21. Nxf6+ gxf6 22. Rxc5 {Equal
pawns, opposite-coloured bishops... and now Magnus Carlsen outplays an
outstanding endgame specialist!} Ra8 23. Kg2 Bd6 24. Rc2 f5 25. Bc4 a4 $6 {
A tentative but in my opinion - a wrong move! This pawn will be weak on a
light square and need major pieces to defend it!} 26. Be2 Be7 27. Bf3 Ra5 28.
Rc4 Bf6 29. Rdc1 {White's plan is to put his bishop to d1 or c2 (forcing ...
Rd8-a8) and then, according to the principle of two weaknesses, after
necessary preparation, open a second front on the kingside (g3-g4). To prevent
such course of events, Black opens up the centre. That creates the second
weakness at once (the f5 pawn) but Black obtains some counterplay against the
white b2 pawn.} e5 30. dxe5 Bxe5 31. Rb4 Rd7 32. Rc2 Kg7 33. Kf1 Bf6 34. Rcc4
Ra8 35. Rf4 Ra5 36. Ke2 $6 (36. Rxa4 Rxa4 37. Rxa4 Bxb2 38. Ra7 c5 39. Be2 $14
{was probably more appropriate.}) 36... Rc5 $1 37. Rfc4 Rxc4 38. Rxc4 Bxb2 39.
Rxa4 c5 (39... Bc3 $142 $1 40. Ra7 $140 Rd2+ 41. Kf1 Rb2 {activating the rook
and Black is probably out of danger,}) 40. Kf1 b6 41. Be2 {Correcting the
inaccuracy on the 36th move but now the white rook is far less active.} Bc3 42.
Bb5 Rd1+ 43. Kg2 Ba5 44. Rf4 Kg6 45. a4 (45. Bc4 $142 $1 Rd7 46. Ba2 $1 $36)
45... Bc3 46. g4 {what else?} fxg4 47. Be8 Be5 (47... h5 48. Bxf7+ Kg5 49. h3
$1) 48. Bxf7+ Kg5 49. Re4 Kf5 50. Rc4 Rd7 51. Bh5 Rg7 52. a5 (52. h3 $5 gxh3+
53. Kxh3 {creating connected passed pawns}) 52... bxa5 53. Rxc5 Ra7 54. Rc4 Rg7
55. Rc5 Ra7 56. Rc4 Rg7 57. Rc6 Ra7 58. Bg6+ Kg5 59. Bc2 a4 ({Black is out of
danger after} 59... h5 {, too}) 60. Rg6+ Kh5 $2 (60... Kh4 $1 61. Rxh6+ Kg5 62.
Re6 Bb8 {and White can't make exploit the dangerous position of the black king.
}) 61. Re6 $2 (61. h3 $1 a3 (61... gxh3+ 62. Kxh3 a3 63. Rg2 $18 {- the h6
pawn harms Black!}) 62. hxg4+ (62. Rxg4 Rg7 63. Rxg7 Bxg7 64. Bb3 {is hardly
winning}) 62... Kh4 63. Bf5 Bg7 (63... a2 64. Rxh6+ Kg5 65. Rg6+ Kh4 66. f4 Rh7
$8 67. Ra6 a1=Q 68. Rxa1 Bxa1 69. Bxh7 Kxg4 {is a tablebase win for White -
Black can't reach a drawish setup Kf6, Bd6}) 64. Be6 {and White keeps good
winning chances}) 61... Bg7 $4 {A terrible mistake - nothing unusual after a
long defence. Black overlooks a mating idea.} ({After} 61... Bb8 {White can't
win}) 62. Kg3 Ra5 63. Bg6+ Kg5 (63... Kg5 {and Black resigned, noticing} 64.
h4+ (64. f4+ gxf3 65. h4#) 64... gxh3 65. f4#) 1-0

[Event "Novgorod 3rd"]
[Site "Novgorod"]
[Date "1996.07.23"]
[Round "4"]
[White "Kramnik, Vladimir"]
[Black "Polgar, Judit"]
[Result "1-0"]
[WhiteElo "2765"]
[BlackElo "2665"]
[Annotator "Knaak,R"]
[PlyCount "109"]
[EventDate "1996.07.20"]
[EventType "tourn"]
[EventRounds "10"]
[EventCountry "RUS"]
[EventCategory "19"]
[SourceTitle "CBM 054"]
[Source "ChessBase"]
[SourceDate "1996.10.01"]
[SourceVersion "1"]
[SourceVersionDate "1996.10.01"]
[SourceQuality "1"]

1. e4 e6 2. d4 d5 3. exd5 exd5 4. Nf3 Bd6 5. c4 Nf6 6. Nc3 c6 7. Bg5 $6 {
Weiß versucht, das Schlagen auf c4 zu erzwingen, bevor der Bf1 gezogen hat, um
mit Bf1xc4 ein Tempo zu sparen.} O-O $1 (7... dxc4 8. Bxc4 $14) 8. cxd5 h6 $1 {
Die Bedeutung dieses Zwischenzuges wird gleich ersichtlich.} (8... Qb6 9. Bxf6
Qxb2 10. Qc1 Qxc1+ (10... Ba3 $2 11. Bg5 $18) 11. Rxc1 gxf6 12. Be2 $10 cxd5 $6
13. Nxd5 Be6 $6 14. Nxf6+ Kg7 15. d5 $14 {1/2-1/2 Teske,H-Knaak,R/DDR-ch
Stralsund 1988 (33)}) 9. Bh4 (9. Bxf6 Qxf6 {Schwarz hat auf jeden Fall genug
Kompensation für den Bauern, welchen Weiß zudem kaum verteidigen kann.} 10.
dxc6 Nxc6 11. Be2 Rd8 12. O-O Nxd4 13. Nxd4 Be5 $15) 9... Qb6 $1 {Weiß muß um
Ausgleich kämpfen.} 10. Qd2 (10. Bxf6 $2 Qxb2 11. Qc1 Ba3 $1 $19 {Da sieht man
den Sinn von 8...h6!, denn 12.Bg5 ist verhindert!}) 10... Nxd5 11. Bg3 {
Die schwarze Stellung ist scheinbar so gut, daß man nur nach Varianten sucht,
die klaren Vorteil bringen.} Bxg3 {Solche Züge sind schnell gemacht, weil
Schwarz den Entwicklungsvorsprung nicht einbüßen will.} (11... Bb4 {war eher
geeignet, auf Vorteil zu spielen.} 12. Be2 Re8 (12... Qa5 13. Rc1 Nd7 (13...
Nf6 $5) 14. O-O N7f6 15. Bd3 $13) 13. Rc1 (13. O-O Nxc3 14. bxc3 Bxc3 15. Qxc3
Rxe2 16. Rae1 Rxe1 17. Rxe1 Be6 18. d5 cxd5 19. Be5 f6 $17) 13... Nxc3 14. bxc3
Ba3 15. Rd1 Qb2 16. Ne5 Nd7 17. O-O $13) 12. hxg3 $10 Bg4 $6 {Es war höchste
Zeit für das Schach auf e8.} (12... Re8+ 13. Be2) 13. Bd3 $1 Re8+ 14. Kf1 $1
Nd7 $6 (14... Nf6) (14... Nb4) 15. Nxd5 $1 cxd5 {Weiß hat in dem Moment
genommen, wo der schwarze Springer nicht mehr nach c6 kann.} 16. Rh4 Bxf3 $6 {
Ohne Not wird die weiße Bauernstruktur verbesert und aus schwarzer Sicht eine
ungünstige Figurenkonstellation geschaffen.} (16... Be6) 17. gxf3 Nf8 18. Kg2
Ng6 19. Rh5 Qxd4 $6 (19... Rad8 $14) 20. Rd1 Rad8 (20... Qb6 21. Rxd5 {+/=/+/-
Der Läufer ist klar besser als der Springer.}) 21. Bxg6 Qxd2 22. Bxf7+ Kxf7 23.
Rxd2 $16 {Der Pd5 ist nicht zu retten.} d4 (23... Ke6 24. f4) 24. Rh4 d3 25.
Rf4+ Kg6 26. Re4 h5 27. Rxe8 Rxe8 28. Rxd3 Re2 29. Rb3 b6 30. Rb5 Kh6 31. g4 g6
32. g5+ Kg7 33. f4 Rc2 34. Kg3 Rd2 35. f3 Rc2 36. Rb3 Kf7 37. Ra3 Rxb2 38.
Rxa7+ Kg8 39. f5 Rb5 40. Ra8+ Kf7 41. fxg6+ Kxg6 42. f4 Rb1 43. Rg8+ Kf5 44.
Rf8+ Ke4 45. Re8+ Kf5 46. Re5+ Kg6 47. Re6+ Kf5 48. Rf6+ Ke4 49. g6 b5 50. Kh4
Rh1+ 51. Kg5 h4 52. Re6+ Kf3 53. g7 Rg1+ 54. Kf6 h3 55. Re8 1-0

[Event "PRO League Group Stage"]
[Site "chess.com INT"]
[Date "2020.01.13"]
[Round "2"]
[White "So, W."]
[Black "Speelman, J."]
[Result "1-0"]
[WhiteElo "2765"]
[BlackElo "2509"]
[PlyCount "45"]
[EventDate "2020.01.06"]
[EventType "team (rapid)"]
[EventRounds "7"]
[EventCountry "USA"]
[SourceTitle "The Week in Chess 1316"]
[Source "Mark Crowther"]
[SourceDate "2020.01.27"]
[SourceVersion "1"]
[SourceVersionDate "2020.01.27"]
[SourceQuality "2"]
[WhiteTeam "Saint Louis Arch Bishops"]
[BlackTeam "U.K. Lions"]

1. c4 b6 2. d4 e6 3. Nf3 Bb7 4. g3 Bb4+ 5. Bd2 Bxf3 6. exf3 Bxd2+ 7. Qxd2 Nf6
8. Nc3 O-O 9. d5 exd5 10. cxd5 Re8+ 11. Be2 c6 12. O-O cxd5 13. Nxd5 Nc6 14.
Rfe1 Nxd5 15. Qxd5 Qf6 16. f4 Rad8 17. Bc4 Na5 18. Rxe8+ Rxe8 19. Qxd7 Rf8 20.
Bd5 Rd8 21. Bxf7+ Kf8 22. Qc7 Qd6 23. Rc1 1-0

[Event "Carlsen Inv Prelim"]
[Site "chess24.com INT"]
[Date "2020.04.30"]
[Round "7.3"]
[White "Giri, A."]
[Black "Caruana, F."]
[Result "1-0"]
[WhiteElo "2764"]
[BlackElo "2835"]
[PlyCount "109"]
[EventDate "2020.04.18"]
[EventType "tourn (rapid)"]
[EventRounds "7"]
[EventCategory "22"]
[SourceTitle "The Week in Chess 1330"]
[Source "Mark Crowther"]
[SourceDate "2020.05.04"]
[SourceVersion "1"]
[SourceVersionDate "2020.05.04"]
[SourceQuality "2"]

1. d4 f5 2. Nc3 Nf6 3. Bg5 d5 4. e3 e6 5. Nf3 Be7 6. Bd3 O-O 7. O-O Ne4 8. Bxe7
Qxe7 9. Ne2 Nd7 10. c4 c6 11. Rc1 a5 12. a3 Nd6 13. Qc2 Nf6 14. Ne5 Bd7 15.
cxd5 exd5 16. b4 Rfc8 17. Qc5 axb4 18. axb4 Be8 19. Ra1 Qd8 20. Ng3 g6 21. f3
b6 22. Qc3 Qe7 23. Rfe1 Rxa1 24. Rxa1 Nf7 25. Bf1 Nxe5 26. dxe5 Nd7 27. f4 Nf8
28. Ne2 c5 29. bxc5 bxc5 30. Nd4 Rb8 31. Nf3 Ne6 32. Ra6 c4 33. Qd2 Nc5 34.
Qxd5+ Bf7 35. e6 Nxe6 36. Bxc4 Ng5 37. Qd3 Nxf3+ 38. gxf3 Re8 39. Kg2 Qc5 40.
Bxf7+ Kxf7 41. e4 Re7 42. e5 Rb7 43. Ra2 Kg7 44. Qd8 Rb1 45. Qf6+ Kh6 46. Kh3
Qe3 47. Qg5+ Kg7 48. Qf6+ Kh6 49. Qh4+ Kg7 50. Qe7+ Kh6 51. Qh4+ Kg7 52. Rf2
Qc5 53. Qf6+ Kh6 54. Rg2 Rb8 55. Rg5 1-0